LAUTECH

Uniform building code (Record no. 25615)

MARC details
000 -LEADER
fixed length control field 00240nam a2200097Ia 4500
008 - FIXED-LENGTH DATA ELEMENTS--GENERAL INFORMATION
fixed length control field 120527s9999 xx 000 0 und d
100 ## - MAIN ENTRY--AUTHOR
Author Intl. Conference of Building
245 ## - TITLE STATEMENT
Title Uniform building code
260 ## - PUBLICATION, DISTRIBUTION, ETC. (IMPRINT)
Name of publisher South Workman
942 ## - ADDED ENTRY ELEMENTS (KOHA)
Item type Books
Holdings
Not for loan Home library Current library Shelving location Date acquired Accen. No. Koha item type
  OLUSEGUN OKE LIBRARY LAUTECH OLUSEGUN OKE LIBRARY LAUTECH   28/05/2012 20219 Books